00322nam a22000977a 4500082001200000100001800012245009100030260004100121650002600162700003600188 a200 THE aTouseef Hayat aTH-SOF-1260-Permittivity Sensing and Measurement Using Resonant Perturbation Technique aIslamabadbNUST College of EMEc2016 aMS-ELECT-79 MSTHESIS aSupervisor Dr. Muhammad Naveed